Nation of Nations : A narrative history of the American republic
This history of the American Republic has a narrative approach, helping students to become involved in the human dramas that shaped history. Essays are included to set American events in a global context, and each chapter ends with a summary to aid learning.
Gorde:
| Formatua: | Liburua |
|---|---|
| Hizkuntza: | Undetermined |
| Argitaratua: |
New York
McGraw-Hill
2005
|
| Gaiak: | |
| Etiketak: |
Etiketa erantsi
Etiketarik gabe, Izan zaitez lehena erregistro honi etiketa jartzen!
|
| Thư viện lưu trữ: | Trung tâm Học liệu Trường Đại học Cần Thơ |
|---|
| LEADER | 00858nam a2200217Ia 4500 | ||
|---|---|---|---|
| 001 | CTU_140385 | ||
| 008 | 210402s9999 xx 000 0 und d | ||
| 020 | |c 305600 | ||
| 082 | |a 973 | ||
| 082 | |b N277/Vol.2 | ||
| 245 | 0 | |a Nation of Nations : | |
| 245 | 2 | |b A narrative history of the American republic | |
| 245 | 0 | |c James West Davidson ... [et al.]. | |
| 260 | |a New York | ||
| 260 | |b McGraw-Hill | ||
| 260 | |c 2005 | ||
| 520 | |a This history of the American Republic has a narrative approach, helping students to become involved in the human dramas that shaped history. Essays are included to set American events in a global context, and each chapter ends with a summary to aid learning. | ||
| 650 | |a United States,Hoa Kỳ | ||
| 650 | |x History,Lịch sử | ||
| 904 | |i Trọng Hải | ||
| 980 | |a Trung tâm Học liệu Trường Đại học Cần Thơ | ||